00553nam a2200169 4500001000700000003000900007005001700016007000300033008004100036100003000077245004300107260003100150300002900181852003200210999001900242952012200261137066ES-MaACL20230906195312.0t|070214s1973 sp r ||||1| cat d1 aSalvador, Carles.910206710a4 elogis i 4 cues / cCarles Salvador. aValencia : bGorg, c1973. a59 p. : bil. ; c24 cm. aES-MaACLjC-55575 bR.88272 c137066d137066 00104070aATENEOMbATENEOMcDEPO2d2008-01-17eSCl0oC-55575p1142639r2023-02-23 00:00:00w2023-02-23yMONOGRAFIA